Memórias da Rua do Ouvidor : (Record no. 1271)

MARC details
000 -LÍDER
Campo Fixo de Controle 00899nam a2200253 a 4500
001 - NÚMERO DE CONTROLE
Campo de Controle 1271
003 - IDENTIFICAÇÃO DO NÚMERO DE CONTROLE
Campo de Controle BR-CuiBMT
005 - DATA E HORA DA ÚLTIMA ATUALIZAÇÃO
Campo de Controle 20231203195736.0
008 - DADOS FIXOS
Dados Fixos 231201s2005 dfb 001 0 por d
040 ## - AGÊNCIA CATALOGADORA
Código da Agência Catalogadora BR-CuiBMT
Agência que transcreveu o registro BR-CuiBMT
080 ## - Nº DA CLASSIFICAÇÃO DECIMAL UNIVERSAL
Nº Class. CDU 82-94
Subd. Auxiliar Comum (815.3)
Nº edição CDU 2007
090 ## - NÚMERO DE CHAMADA
Nº classificação 82-94(815.3)
Cutter M141m
100 1# - ENTRADA PRINCIPAL -- AUTOR PESSOAL
Nome pessoal Macedo, Joaquim Manuel de,
Datas associadas ao nome 1820-1882
245 10 - TÍTULO PRINCIPAL
Título principal Memórias da Rua do Ouvidor :
Subtítulo (publicadas em folhetins semanais no Jornal do Comércio) /
Indicação de responsabilidade Dr. Joaquim Manuel de Macedo.
260 ## - PUBLICAÇÃO, DISTRIBUIÇÃO, ETC.
Local de publicação Brasília :
Editora Senado Federal,
Data 2005.
300 ## - DESCRIÇÃO FÍSICA
N. páginas ou volumes 218 p. ;
Dimensões 23 cm
490 1# - INDICAÇÃO DE SÉRIE
Título da série Coleção edições do Senado Federal ;
Volume/designação sequencial da série v. 41
500 ## - NOTAS GERAIS
Notas gerais Inclui índice.
650 ## - ASSUNTO TÓPICO
Cabeçalho tópico ou nome geográfico Rio de Janeiro (RJ)
Subdivisão geral Ruas
-- História
650 ## - ASSUNTO TÓPICO
Cabeçalho tópico ou nome geográfico Rua do Ouvidor (Rio de Janeiro, RJ)
Subdivisão geral História
650 ## - ASSUNTO TÓPICO
Cabeçalho tópico ou nome geográfico Rio de Janeiro (RJ)
Subdivisão geral Usos e costumes
830 #0 - ENTRADA SECUNDÁRIA DE SÉRIE -- TÍTULO UNIFORME
Título uniforme Edições do Senado Federal ;
Nº do volume/designação sequencial da série 41
942 ## - ELEMENTOS DE ENTRADA ADICIONAIS (KOHA)
Fonte de classificação ou esquema de arquivamento Classificação Decimal Universal
Tipo de item do Koha Livros
Holdings
Estado: removido Estado: perdido Fonte de classificação ou esquema de arquivamento Estado: danificado Indisponível para empréstimo Localização permanente Localização atual Data de aquisição Total Checkouts Número de Chamada completo Código de barras Date last seen Número do exemplar Preço efetivo a partir de Tipo de item (Koha)
    Classificação Decimal Universal     Biblioteca da Escola Superior de Contas do TCE/MT Biblioteca da Escola Superior de Contas do TCE/MT 03/12/2023   82-94(815.3) M141m BIBTCEMT23120089 03/12/2023 Ex. 1 03/12/2023 Livros

Powered by Koha